000 00519nam a2200193 a 4500
001 1766824441869
003 YourLibrary
005 20251229124200.0
008 251227s2008##################000#0#eng##
020 _a9780131484726
082 0 4 _a205
_bMCL
100 1 _aMcLaren, Robert Bruce,
_eauthor.
245 1 0 _aReligious Foundations for Global Ethics :
260 _bPrentice Hall,
_c2008.
300 _a334 pages
650 0 _aPolitical Science.
942 _cENGLISH
040 _aYourLibrary
_beng
_cYourLibrary
999 _c605727
_d605727